La civiltà antica: Oriente, Grecia, Roma : brevi cenni storici e letture per i corsi integrativi

Gespeichert in:
Bibliographische Detailangaben
1. Verfasser: Melchiori, Enrico (VerfasserIn)
Format: Buch
Sprache:Italienisch
Erschienen: Lanciano : Carabba Giuseppe, 1927
Katalog:EDISCO:  Suchergebnis im Bibliothekskatalog
Schulbuchspezifische Eigenschaften:
Schlagworte:
Tags: Tag hinzufügen
Keine Tags, Fügen Sie den ersten Tag hinzu!
Hinzugefügt zu:30.04.2016
Geändert in:18.10.2017

MARC

LEADER 00000aam a22000001 4500
001 00351
003 OSt
005 20171018092559.0
008 160501s1927 it 000 0 ita
040 |c Antonio Parlati - L'Acquila 
041 1 |a ita 
100 1 |a Melchiori, Enrico  |9 290  |e Author 
245 0 0 |a La civiltà antica: Oriente, Grecia, Roma :   |b brevi cenni storici e letture per i corsi integrativi /  |c Enrico Melchiori 
260 |a Lanciano :  |b Carabba Giuseppe,  |c 1927 
300 |a 247 p. : ill., 1/1 ;   |c in 8° 
510 3 |a 9 
650 4 |a Storia  |9 54 
655 |a Sussidiario  |9 51 
901 |a 1 
942 |2 ddc  |c BK 
546 |a ita 
999 |c 345  |d 345 
999 |c edisco:345  |d 345